Japońskie supersamochody - Statystyki

Ogólne statystyki
  • Ten quiz został rozwiązany 7 razy
  • Średni wynik to 6 z 11
Statystyki odpowiedzi
produkcja Odpowiedź % Poprawnych
1990-2005 Honda/Acura NSX I
83%
2016-2022 Honda/Acura NSX II
83%
2008-2024 Nissan GT-R
83%
2010-2012 Lexus LFA
67%
1984-2007 Toyota MR2
50%
1978-2002 Mazda RX-7
33%
1990-2001 Mitsubishi 3000GT
33%
1989-2002 Nissan Skyline GT-R
33%
1991-1996 Subaru SVX
33%
1967-1970 Toyota 2000GT
33%
2006-2014 Mitsuoka Orochi
17%
Nie znaleziono quizów pasujących do podanych kryteriów
Rozkład punktacji
Procent ludzi z każdym wynikiem
Percentyl według liczby udzielonych odpowiedzi
Twoja historia wyników
Nie rozwiązałeś tego quizu